<?xml version="1.0" encoding="UTF-8"?>
<collection xmlns="http://www.loc.gov/MARC21/slim">
 <record>
  <leader>00994pamaa2200181   4500</leader>
  <controlfield tag="001">0000044744</controlfield>
  <controlfield tag="005">20110104090000.0</controlfield>
  <controlfield tag="008">090113                             eng  </controlfield>
  <datafield tag="020" ind1="0" ind2="0">
   <subfield code="a">Nil </subfield>
  </datafield>
  <datafield tag="090" ind1="0" ind2="0">
   <subfield code="a">QA76 </subfield>
   <subfield code="b">MOH 2008</subfield>
  </datafield>
  <datafield tag="100" ind1="1" ind2="1">
   <subfield code="a">Mohammed Sharaf Al-Hadi </subfield>
  </datafield>
  <datafield tag="245" ind1="1" ind2="0">
   <subfield code="a">Implementing management information system utilizing document management system for Hadda clinic in the Republic of Yemen  </subfield>
   <subfield code="c">Mohammed Sharaf Al-Hadi.</subfield>
  </datafield>
  <datafield tag="248" ind1="1" ind2="0">
   <subfield code="b">B.A. (HONS) IN BUSINESS INFORMATION TECHNOLOGY DOUBLE MODULE FINAL PROJECT REPORT</subfield>
  </datafield>
  <datafield tag="260" ind1="0" ind2="0">
   <subfield code="a">Nilai: </subfield>
   <subfield code="b">INTI Internation University College Malaysia, </subfield>
   <subfield code="c">May 2008.</subfield>
  </datafield>
  <datafield tag="300" ind1=" " ind2=" ">
   <subfield code="a">Volume 2; </subfield>
   <subfield code="c">30 cm.</subfield>
  </datafield>
  <datafield tag="502" ind1="0" ind2="0">
   <subfield code="a">A dissertation submitted in partial fulfillment of the requirement of Honours Degree in Business Information Technology at Coventry University under the management and surpervision of School of Faculty Computing and IT, INTI International University College</subfield>
  </datafield>
  <datafield tag="650" ind1="0" ind2="0">
   <subfield code="a">Dissertations, academic -- </subfield>
   <subfield code="x">Business Information Technology </subfield>
  </datafield>
  <datafield tag="901" ind1=" " ind2=" ">
   <subfield code="u">www.intimal.edu.my</subfield>
  </datafield>
 </record>
</collection>
